| 000 | 00443cam a2200169ua 4500 | ||
|---|---|---|---|
| 020 | _cRe 1.00 | ||
| 041 |
_ahin _h |
||
| 082 |
_a891.43 _bLAK/SA |
||
| 100 | _aLakshmi Naryana, Varma . | ||
| 245 |
_aSaral prakrithik chikilsa / _cLakshmi Narayana Varma. _hTextual Documents |
||
| 260 |
_a : _bHindi prakotam bubatam limited , _c1954. |
||
| 300 | _a163 ; . | ||
| 365 | _aRe 1.00 | ||
| 504 | _a | ||
| 942 | _cBK | ||
| 999 |
_c2537 _d2537 |
||